000 00440nam a2200157 i 4500
001 92430
003 ES-MaACL
005 20230906180953.0
007 t|
008 050307s1957 sp ||||1| spa d
100 1 _aLinares-Becerra, Concha.
_972345
245 1 0 _aNiebla desde la frontera
_b: novela /
_cConcha Linares-Becerra.
260 _aMadrid :
_bC. L.,
_c[1957]
300 _a256 p. ;
_c19 cm.
852 _aES-MaACL
_jC-13381
_bR.39894
999 _c92430
_d92430